| 000 | 00911nam a2200265 i 4500 | ||
|---|---|---|---|
| 003 | EG-ScBUE | ||
| 005 | 20240319104903.0 | ||
| 008 | 100118s1966 enk f b 001 0 eng d | ||
| 040 |
_aEG-ScBUE _beng _erda _cEG-ScBUE _dEG-ScBUE |
||
| 043 | _ae------- | ||
| 082 | 0 | 4 |
_222 _a940.28 _bALB |
| 100 | 1 |
_910413 _aAlbrecht-Carrie, Rene, _d1904- _eauthor. |
|
| 245 | 1 | 4 |
_aThe unity of Europe : _ban historical survey / _cRené Albrecht-Carrié. |
| 264 | 1 |
_aLondon : _bSecker & Warburg, _c1966. |
|
| 300 |
_axiv, 346 pages ; _c23 cm |
||
| 336 |
_2rdacontent _atext _btxt |
||
| 337 |
_aunmediated _2rdamedia _bn |
||
| 338 |
_avolume _bnc _2rdacarrier |
||
| 504 | _aIncludes bibliographical references and index. | ||
| 651 | 7 |
_910414 _aEurope _xHistory _y1789-1900. _2BUEsh |
|
| 651 | 7 |
_910415 _aEurope _xHistory _y20th century. _2BUEsh |
|
| 655 | _vReading book | ||
| 942 |
_2ddc _cBB |
||
| 999 |
_c13151 _d13151 |
||